000
00278nam a2200109Ia 4500
008
220204s9999 xx 000 0 und d
082
_a
741.5
_b
TRU
100
_a
Trudeau, G B
245
0
_a
Do all birders have bed room eyes dear
260
_a
New York
_b
Fawcett
_c
1981
942
_c
BK
999
_c
37455
_d
37455